1224 1795 1432 1073 1860 1655 1144 1419 1078 1391 1440 1987 1643 1499 1845 1588 1647 1182 1342 1432 1924 1546 1828 1008 1835 1659 1028 1342 1141 1430 1002 1054 1400 1729 1493 1945 1247 1486 1457 1980 1894 1565 1284 1594 1748 1411 1042 1401 1703 1185 1289 1612 1621 1611 1592 1369 1230 1408 1841 1941 1025 1340 1817 1511 1870 1715 1827 1697 1424 1525 1899 1502 1828 1643 1912 1257 1935 1005 1338 1271 1211 1368 1312 1485 1372 1753 1904 1399 1164 1400 1626 1013 1255 1312 1534 1802 1569 1784 1234 BCNSPRNW ULIB Ver.6.0+V

เปลี่ยนเป็นภาษาไทย

Change to English
 แสดงรายละเอียดบรรณานุกรม
  กลับหน้าหลัก

Brief Record : Get Marc (ISO 2709) : E-mail record : QR code < ปิดหน้าต่าง
LEADER : 00000nam 2200000uu 4500
001    13399113345
003     ULIB
008    111107s2544||||th 000 0 tha d
020    9747323591
060 04 QX^bป361A 2544
100 0  ประยงค์ ระดมยศ
245 00 Atlas of medical parasitology :^bwith 465 colourillustrations /^cประยงค์ ระดมยศ ... [และคนอื่นๆ]
250    พิมพ์ครั้งที่ 5
260    กรุงเทพฯ :^bภาพพิมพ์,^c2544
300    184 หน้า :^bภาพประกอบสี ;^c27 ซม.
650  4 ปรสิตวิทยา^vภาพ
653    ผลงานอาจารย์คณะแพทยศาสตร์ศิริราชพยาบาล
700 0  ประยงค์ ระดมยศ
945    ^p650^l0^i10149
945    ^p650^l0^i10150
945    ^p650^l0^i10151
995    กัณชพร
999 ^a ใช้งานได้ทุกระบบ
รายการนี้ยังไม่มีแท็ก
คุณยังไม่ได้ล็อกอิน คุณสามารถมีกิจกรรมร่วมกับเว็บไซต์ได้ แต่ต้องล็อกอินก่อน ::
  ล็อกอิน

รายการสื่อสารสนเทศ

ลำดับที่ ประเภท เลขเรียก/บาร์โค้ด สถานที่ สถานะ
- ไม่พบข้อมูล -

รายการใกล้เคียง
    ผู้แต่ง [ประยงค์ ระดมยศ]

BibComment


ยังไม่เคยถูกคอมเมนท์

คอมเมนท์ทรัพยากรรายการนี้
  คอมเมนท์: Atlas of medical ..


 Copyright 2026. Bcnsprnw @Library